<?xml version="1.0" encoding="UTF-8"?>
<collection xmlns="http://www.loc.gov/MARC21/slim">
 <record>
  <leader>01536nam a22002535a 4500</leader>
  <controlfield tag="001">EUN.eunm007738</controlfield>
  <controlfield tag="005">20190311121917.0</controlfield>
  <controlfield tag="008">190311s2010####ag#a#####b####000#0#spa#d</controlfield>
  <datafield tag="020" ind1=" " ind2=" ">
   <subfield code="a">9789872422653</subfield>
  </datafield>
  <datafield tag="082" ind1="0" ind2="4">
   <subfield code="a">982.23</subfield>
   <subfield code="2">21</subfield>
  </datafield>
  <datafield tag="082" ind1="0" ind2="4">
   <subfield code="a">627.8</subfield>
   <subfield code="2">21</subfield>
  </datafield>
  <datafield tag="100" ind1="1" ind2=" ">
   <subfield code="a">Levinton, Norberto.</subfield>
  </datafield>
  <datafield tag="245" ind1="1" ind2="0">
   <subfield code="a">Yacyretá :</subfield>
   <subfield code="b">el fin de la historia : la influencia de los gobiernos argentinos y paraguayos en el tratado, en el proyecto y en la construcción /</subfield>
   <subfield code="c">Norberto Levinton.</subfield>
  </datafield>
  <datafield tag="260" ind1=" " ind2=" ">
   <subfield code="a">Buenos Aires :</subfield>
   <subfield code="b">Contratiempo,</subfield>
   <subfield code="c">2010.</subfield>
  </datafield>
  <datafield tag="300" ind1=" " ind2=" ">
   <subfield code="a">397 p :</subfield>
   <subfield code="b">il. col. ;</subfield>
   <subfield code="c">28 x 32 cm.</subfield>
  </datafield>
  <datafield tag="504" ind1=" " ind2=" ">
   <subfield code="a">Incluye referencias bibliográficas.</subfield>
  </datafield>
  <datafield tag="505" ind1="0" ind2=" ">
   <subfield code="a">Prólogo -- Ubicación del Proyecto Yacyretá -- Introducción -- Pte. 1. Un aporte a la historiografía del Megaproyecto Yacyretá -- Cap. 1. De &quot;lo fragmentario&quot; y &quot;lo no evolutivo&quot; al Fin de la historia -- Pte. 2. Elementos para una revisión histórica -- Cap. 2. Los rápidos de Apipé en la historia -- Cap. 3. Cronología -- Cap. 4. Descripción de la Represa de Yacyretá en cada etapa -- Pte. 3. Los documentos en la investigación histórica del proceso -- Cap. 5. El proyecto paso a paso -- Cap. 6. La obra paso a paso -- Fuentes -- Bibliografía -- Glosario de términos técnicos.</subfield>
  </datafield>
  <datafield tag="610" ind1="2" ind2="7">
   <subfield code="a">Entidad Binacional Yacyretá.</subfield>
   <subfield code="2">Catalis Autoridades.</subfield>
  </datafield>
  <datafield tag="650" ind1=" " ind2="7">
   <subfield code="a">Historia.</subfield>
   <subfield code="2">unbist</subfield>
  </datafield>
  <datafield tag="650" ind1=" " ind2="7">
   <subfield code="a">Centrales hidroeléctricas.</subfield>
   <subfield code="2">unbist</subfield>
  </datafield>
  <datafield tag="650" ind1=" " ind2="7">
   <subfield code="a">Represas.</subfield>
   <subfield code="2">unbist</subfield>
  </datafield>
  <datafield tag="650" ind1=" " ind2="7">
   <subfield code="a">Paraguay.</subfield>
   <subfield code="2">unbist</subfield>
  </datafield>
  <datafield tag="651" ind1=" " ind2="7">
   <subfield code="a">Argentina.</subfield>
   <subfield code="2">unbist</subfield>
  </datafield>
  <datafield tag="859" ind1=" " ind2=" ">
   <subfield code="a">AR-BaUNS</subfield>
   <subfield code="b">BIB. CENTRAL - Sector A</subfield>
   <subfield code="h">982.23</subfield>
   <subfield code="i">L578-1</subfield>
   <subfield code="p">126957/019</subfield>
  </datafield>
 </record>
</collection>
